| Поле | Инд. | ПП | Название | Значение |
|---|---|---|---|---|
| Тип записи | a | |||
| Библиографический уровень | b | |||
| 001 | Контрольный номер | RU/IS/BASE/264553518 | ||
| 005 | Дата корректировки | 20200522190620.9 | ||
| 008 | Кодируемые данные | 19960828 | ||
| 084 | a | Индекс другой классификации/Индекс ББК | 83.3(2=411.2)53 | |
| 097 | 00 | a | 750 | |
| 100 | 10 | a | Автор | Крутикова Л. |
| q | Полное имя | Крутикова Людмила | ||
| 245 | 10 | a | Заглавие | Неугасимый свет |
| b | Продолж. заглавия | Перечитывая Бунина | ||
| 600 | a | Персоналии | Бунин Иван Алексеевич | |
| 650 | a | Основная рубрика | история литературы | |
| a | Основная рубрика | литературоведение | ||
| a | Основная рубрика | филологические науки | ||
| 653 | 00 | a | Ключевые слова | XX век |
| a | Ключевые слова | Россия | ||
| a | Ключевые слова | русская литература | ||
| 773 | 00 | t | Заглавие источника | Нева |
| d | Дата издания источника | 1995 | ||
| g | Прочая информация | № 10. - С. 182 - 188 | ||
| w | Контрольный № источника | RU/IS/BASE/409763223 | ||
| 901 | t | Тип документа | b |